000 00929nam a2200229Ii 4500
003 JO-AjNU
005 20240114094051.0
008 230605s9999||||xx |||||||||||||| ||und||
040 _aJO-AjNU
_bara
_erda
_cJO-AjNU
041 _aara
050 1 4 _aPJ6111.S 556 1900
100 3 _aتاليف صيني،محموداسماعيل؛ م.مشارك :ناصف مصطفى عبد العزيز؛مختار الطاهر حسين,
_eauthor
_956519
245 0 0 _aالعربية للناشئين منهج متكامل لغير الناطقين بالعربية، الجزء 1
264 3 1 _aد.م: د.ن، 1900
300 _a226ص
336 _atext
_btxt
_2rdacontent
337 _aunmediated
_bn
_2rdamedia
338 _avolume
_bnc
_2rdacarrier
490 0 _aكتاب التلميد 1
650 4 _aاللغة العربية - النحو - الإملاء - قواعد - اللفة العربية للناشئين
_956520
942 _2lcc
_cBK
999 _c28840
_d28840